000 01449nam a2200325 a 4500
001 000039140
003 DO-SdBNP
005 20210415131646.0
008 081028s2006 dr 000 0 spa d
020 _a8492243503
040 _aBPMSU
_bspa
_cBPMSU
082 _a465
_bG216m, 2006
_222
100 1 _aGarcía, Bartolo
245 1 0 _aMorfosintaxis funcional del español :
_bteoría-análisis-producción /
_cBartolo García, Rafael Núñez, Julio de los Santos.
250 _a6a ed.
260 _aSanto Domingo :
_bSurco ,
_c2006
300 _a351
_c23 cm.
504 _aBibliografía : p. 347-351
505 0 _tPrefacio --
_tNota a la cuarta edición --
_tLingüística y visión de la lengua --
_tMorfología y sintáxis y las demás --
_tCategorías formales --
_tRelación significante-significado --
_tEl morfema --
_tMorfología verbal --
_tLa oración --
_tEl sujeto --
_tEl predicado --
_tVisión holística del análisis sintáctico --
_tOraciones y proposiciones --
_tProposiciones coordinadas --
_tProposiciones subordinadas --
_tÍndice de textos --
_tBibliografía.
590 _6Inventariado, 2021/VM
650 4 _aESPAÑOL
_xGRAMÁTICA
_xESTUDIOS Y ENSEÑANZA
650 4 _aEspañol
_xComposición y ejercicios
650 4 _aEspañol
_xMorfosintaxis
650 4 _aEspañol
_xSintaxis
650 4 _aEspañol
_xMorfología
700 1 _aNúñez, Rafael
700 1 _aSantos, Julio de los
910 _aVMateo
942 _2ddc
_cBK
999 _c13424
_d13424